Implementácia ekonometrického modelu

Prípadová štúdia zaoberajúca sa konkrétnym výberom najvhodnejšieho modelu opisujúceho vývoj predaja dvoch produktov z produktového portfólia. Model vysvetľuje vývoj predaja stanoveného produktu v závislosti od teploty, zrážok, vlhkosti a predchádzajúcich predajov.

Na minha lista:
Detalhes bibliográficos
Autor principal: Hajduová, Zuzana, 1974-
Outros Autores: Andrejkovič, Marek
Formato: Capítulo de Livro
Idioma:eslovaco
Assuntos:
Tags: Adicionar Tag
Sem tags, seja o primeiro a adicionar uma tag!

MARC

LEADER 00000nla a2200000 4500
001 0178404
005 20240502073031.9
041 0 |a slo 
044 |a SK 
245 1 0 |a Implementácia ekonometrického modelu  |c Zuzana Hajduová, Marek Andrejkovič 
520 |a Prípadová štúdia zaoberajúca sa konkrétnym výberom najvhodnejšieho modelu opisujúceho vývoj predaja dvoch produktov z produktového portfólia. Model vysvetľuje vývoj predaja stanoveného produktu v závislosti od teploty, zrážok, vlhkosti a predchádzajúcich predajov. 
610 2 0 |a modely ekonometrické 
610 2 0 |a rady časové 
100 1 |a Hajduová, Zuzana, 1974- 
700 1 |a Andrejkovič, Marek